00973ngm a2200289 4500003000400000005001700004007000400021008004100025010002000066024002100086035002000107040001300127082001500140245009900155260002800254300005000282440003300332500014000365538005000505650001900555700001900574700001400593700001700607700002200624700001800646700001900664dpl20090319104030.0DVD||||||sp199 xxu|||||c ||| 00| 0 ng d  aDVD-001840-1842 aVENF 0089c49.00 aDVD-001840-1842 aDPLcDPL aDVD / TICK aTicker :cAduk Home Entertainment Presentsh[videorecording] DVD/bDeath Is Just A Tick Away / bMoserbaer Entertainment a1 videodisc VCD;bsd., col. ;c4 3/4 in.fVCD aMoserbaer Home Entertainment aMoserbaer India Ltd. has obtained the necessary licence/conssent from the owner of the copyright in the wroks for making this DVD Film. aDolby Digital 5.1 -English Subtitles: English aMotion Picture aSeagal, Steven aRosenblum aPyun, Albert aMargolis, Paul B. aSizemore, Tom aHopper, Dennis